Normal view
MARC view
- Grob, Bernard
Entry Personal Name
001 - CONTROL NUMBER
- control field: 19461
003 - CONTROL NUMBER IDENTIFIER
- control field: NUST
005 - DATE AND TIME OF LATEST TRANSACTION
- control field: 20190823063308.0
008 - FIXED-LENGTH DATA ELEMENTS
- fixed length control field: 190823|| aca||aabn | a|a d
040 ## - CATALOGING SOURCE
- Original cataloging agency: NUST
- Transcribing agency: NUST
100 ## - HEADING--PERSONAL NAME
- Personal name: Grob, Bernard
670 ## - SOURCE DATA FOUND
- Source citation: Work cat.: (NUST): Grob, Bernard, Grob basic Electronics, 2001
